| 000 | 01475 a2200229 4500 | ||
|---|---|---|---|
| 001 | 27469 | ||
| 005 | 20260407155549.0 | ||
| 008 | 260407a2010 arg spa d | ||
| 003 | AR-UNSa-BCEJYS | ||
| 040 |
_aAR-UNSa-BCEJYS _bspa _cAR-UNSa-BCEJYS |
||
| 080 |
_a330.34 _xDesarrollo Económico |
||
| 245 | 1 | 0 | _aAlianzas público-privadas para una nueva visión estratéfica del desarrollo |
| 020 | _a978-92-1-323416-7 | ||
| 264 | 1 |
_aSantiago de Chile : _bCEPAL (Comisión Económica para América Latina y el Caribe) _c2010 |
|
| 300 |
_a297 p. _c22 cm. |
||
| 505 | _a1. El rezago de América Latina - 2. Estrategias de desarrollo a mediano y largo plazo basadas en políticas industriales proactivas: el primer principio - 3. Segundo principio: la alianza público-privada es clave para la formulación e implementación de estrategias nacionales eficaces - 4. Los primeros principios que sustentan el liderazgo del sector público - 5. Primeros principios sobre la gestión de programas e incentivos - 6. Estrategias a mediano y largo plazo sustentadas en alianzas publicos-privadas - 7. Implementación de una visión estratégica - 8. Los tres principales pilares resultantes de nuestros primeros principios - | ||
| 942 | _cBK | ||
| 590 | _aniveau_biblio:m niveau_hierar:0 | ||
| 100 | 1 | _aDevlin, Robert | |
| 700 | 1 | _aMoguillansky, Graciela | |
| 856 | 4 | 1 |
_uhttps://biblioeco.unsa.edu.ar/pmb/images/libros/Alianzas p?blico-privadas-l117931.jpg _yImagen de portada _qimage/jpeg |
| 999 |
_c1593 _d1593 |
||